Entry Personal Name
Number of records used in: 1
001 - CONTROL NUMBER
003 - CONTROL NUMBER IDENTIFIER
005 - DATE AND TIME OF LATEST TRANSACTION
- control field:
20211124102147.0
008 - FIXED-LENGTH DATA ELEMENTS
- fixed length control field:
840210n| azannaab| |n aaa |||
010 ## - LIBRARY OF CONGRESS CONTROL NUMBER
- LC control number:
n 82253700
035 ## - SYSTEM CONTROL NUMBER
- System control number:
(Uk)000971709
040 ## - CATALOGING SOURCE
- Original cataloging agency:
DLC
- Language of cataloging:
eng
- Description conventions:
rda
- Transcribing agency:
DLC
- Modifying agency:
Uk
046 ## - SPECIAL CODED DATES
100 1# - HEADING--PERSONAL NAME
- Personal name:
Kindt, Thomas J.,
- Dates associated with a name:
1939-
375 ## - GENDER
377 ## - ASSOCIATED LANGUAGE
670 ## - SOURCE DATA FOUND
- Source citation:
His The antibody enigma, c1984:
- Information found:
CIP t.p. (Thomas J. Kindt; Nat. Institute of Allergy and Infectious Diseases, NIH, Bethesda, Md.) data sheet (b. 1939)